Milionerzy, Quiz o Europie - Statystyki

Ogólne statystyki
  • Ten quiz został rozwiązany 1 362 razy
    1 327 od ostatniego zresetowania
  • Średni wynik to 9 z 15
Statystyki odpowiedzi
Zagadnienie Odpowiedź % Poprawnych
Sarajewo jest stolicą: C) Bośni i Hercegowiny
88%
W których z tych państw znajduje się miasto "Berno"? C) W Szwajcarii
84%
Który kraj NIE wygrał mistrzostwa świata w piłkę nożną mężczyzn? D) Holandia
81%
Które z wymienionych państw NIE JEST uważane za kraj Beneluksu? A) Niemcy
80%
Które z wymienionych krajów NIE JEST częścią Zjednoczonego Królestwa? C) Irlandia
78%
Jak nazywa się stolica Liechtensteinu? B) Vaduz
77%
Które państwo NIE należało dawniej do Jugosławii? A) Albania
65%
Najbardziej zaludnionym miastem w Europie jest: D) Stambuł
60%
Ile jest państw w Europie? (Według JetPunk) C) 47
59%
Które państwo jest większe od Polski? A) Norwegia
53%
Które państwo NIE MA kwadratowej flagi? B) San Marino
41%
Który kraj NIE JEST zaliczany do krajów Skandynawskich? D) Finlandia
34%
Ilu sąsiadów mają Włochy? A) 6
30%
Przez które państwo NIE przepływa Dunaj: B) Przez Czechy
28%
Które państwo NIE MA koloru czarnego na swojej fladze: D) Czarnogóra
26%
Nie znaleziono quizów pasujących do podanych kryteriów
Rozkład punktacji
Procent ludzi z każdym wynikiem
Percentyl według liczby udzielonych odpowiedzi
Twoja historia wyników
Nie rozwiązałeś tego quizu od ostatniego zresetowania